000 00739nam a2200289 a 4500
003 AR-BaBNM
005 20251128210928.0
008 082120s2002 ||||||||||||||000 | spa||
020 _a950-11-1264-0
040 _cAR-BaBNM
100 1 _aWilde, Oscar
245 0 0 _aEl fantasma de Canterville
_by otros cuentos
260 _aBuenos Aires
_bSigmar
_c1998
300 _a70 p.
490 0 _aClásicos juveniles
_vv. 1
650 4 _aCUENTOS
650 4 _aLITERATURA INGLESA
650 4 _aESCRITORES
650 4 _aANTOLOGIAS
653 _aNARRATIVA
653 _aLITERATURA FANTASTICA
655 _aLITERATURA
700 1 _aSam, Eleonora
_etraductor
800 1 _aColella, Olga
_ecoordinador
942 _cBK
998 _cMARTIN
999 _c17501
_d17501